All Lady and the Tramp characters by screen time - Statistics

General Stats
  • This quiz has been taken 10 times
  • The average score is 9 of 21
Answer Stats
% Of Movie Screen Time Answer % Correct
49.12 37:14 Lady
100%
2.77 2:06 Si and Am
100%
28.78 21:49 Tramp
100%
9.59 7:16 Darling
83%
10.60 8:02 Jim
83%
3.96 3:00 Aunt Sarah
67%
12.18 9:14 Jock
67%
12.60 9:33 Trusty
67%
2.70 2:03 Dogcatcher
50%
3.52 2:40 Peg
50%
3.43 2:36 Baby
33%
3.17 2:24 Beaver
33%
1.93 1:28 Rat
33%
3.76 2:51 Tony
33%
1.93 1:28 Policeman
17%
4.22 3:12 Boris
0%
4.13 3:08 Bull
0%
2.99 2:16 Joe
0%
3.01 2:17 Pedro
0%
1.21 :55 Professer
0%
4.44 3:22 Toughy
0%
No matching quizzes found
Score Distribution
Percent of People with Each Score
Percentile by Number Answered
Your Score History
You have not taken this quiz